LEADER 01293nam a2200277 a 4500 001 000000142772 003 CaOOAMICUS 005 20150413133711.0 008 150413s1978 it u000 u ita r 040 $aPUL$bita 100 1 $aGasparri, Stefano.$0(OLS)http://pul/name/13411 245 12$aI duchi longobardi /$cdi Stefano Gasparri. 260 $aRoma :$bNella sede dell'Istituto, Palazzo Borromini,$c1978. 300 $a117 p. ;$c25 cm 490 1 $aIstituto storico italiano per il Medio Evo. Studi storici, ;$vfasc. 109 500 $aIn testa al front.: Istituto storico italiano per il Medio Evo. 650 4$aLongobardi$zItalia$xStoria.$0(OLS)http://pul/subject/16409 710 2 $aIstituto storico italiano per il Medio Evo (Roma).$0(OLS)http://pul/name/3115 830 0$aStudi storici (Istituto storico italiano per il Medio Evo) ;$vfasc. 109.$0(OLS)http://pul/title/6355 850 $aPUL 852 $aPUL$W1$xDP1 Fondo Capitani$y116$m11 A 12.109$j164691$qFondi$B164957$CPULBib$Z2$F164957 $HCap2676 $82 941 1 $a1 961 $aNota ms. di possesso: Capitani. 996 $6245$aI duchi longobardi$9(OLS)http://pul/title/180726 996 $6260$aRoma :$bNella sede dell'Istituto, Palazzo Borromini$9(OLS)http://pul/publisher/53783 LEADER 02231nam a2200421 a 4500 001 000000105669 003 CaOOAMICUS 005 20070614155302.0 008 070614s1996 it fa 001 0 ita d 020 $a88-311-9146-2 040 $aPUG$bita$dmv$dPUL$dES 041 1 $aita$alat 100 0 $aAugustinus,$cs., vesc. d'Ippona,$d354-430.$0(OLS)http://pul/name/1290 245 13$aIl consenso degli evangelisti /$csant'Agostino ; introduzioni di Pio de Luis ; traduzione di Vincenzo Tarulli ; indici di Franco Monteverde. 260 $aRoma :$bCittà Nuova,$cc1996. 300 $acxxxv, 545, tav. col. ;$c25 cm 490 1 $aNuova biblioteca agostiniana., Opere di sant'Agostino.$aI, Opere esegetiche ; ;$v10.1 500 $aIndici p. 475-545 500 $aTesto latino dell'edizione maurina confrontato con il Corpus christianorum ecclesiasticorum latinorum 500 $aTesto a fronte in latino 504 $aBibliografia p. cxxxi-cxxxv 700 1 $aMonteverde, Franco.$0(OLS)http://pul/name/26611 700 1 $aTarulli, Vincenzo.$0(OLS)http://pul/name/42927 700 1 $aDe Luis, Pio.$0(OLS)http://pul/name/64885 700 0 $aAugustinus,$cs., vesc. d'Ippona,$d354-430.$tDe consensu Evangelistarum.$0(OLS)http://pul/nameTitle/501$0(OLS)http://pul/name/1290$0(OLS)http://pul/title/133017 830 0$aNuova biblioteca agostiniana.$pOpere di sant'Agostino.$nI,$pOpere esegetiche ;$v10.1.$0(OLS)http://pul/title/133009 850 $aPUL 852 $aPUL$W1$xSL Cons. Gen., Altre Classi 1$y1$m2000 C 10,1$j118428$qStampati$B118332$CPULBib$Z2$F118332 $H75458 $82 900 $aAgostino,$cs., vesc. d'Ippona,$d354-430$91290 900 $aAgostino, Aurelio,$cs., vesc. d'Ippona$d354-430$91290 900 $aAgostino,$cs., vesc. d'Ippona,$d354-430$91290 900 $aAgostino, Aurelio,$cs., vesc. d'Ippona$d354-430$91290 900 $aAgostino,$cs., vesc. d'Ippona,$d354-430$91290 900 $aAgostino, Aurelio,$cs., vesc. d'Ippona$d354-430$91290 941 1 $a8 996 $6020$a88-311-9146-2$9(OLS)http://pul/number/134857 996 $6245$aIl consenso degli evangelisti$9(OLS)http://pul/title/133015 996 $6260$aRoma :$bCittà Nuova$9(OLS)http://pul/publisher/47927